Understanding the business of library acquisitions

The impact of electronics on communications between libraries and vendors. Acquisitions personnel management, organization, and staffing; Outsourcing and licensing; Acquiring electronic resources.

সংরক্ষণ করুন:
গ্রন্থ-পঞ্জীর বিবরন
প্রধান লেখক: Schmidt, Karen A.
বিন্যাস: গ্রন্থ
ভাষা:Undetermined
প্রকাশিত: Chicago American Library Association 1999
বিষয়গুলি:
ট্যাগগুলো: ট্যাগ যুক্ত করুন
কোনো ট্যাগ নেই, প্রথমজন হিসাবে ট্যাগ করুন!
Thư viện lưu trữ: Trung tâm Học liệu Trường Đại học Cần Thơ
LEADER 00769nam a2200205Ia 4500
001 CTU_127098
008 210402s9999 xx 000 0 und d
082 |a 025.2 
082 |b S349 
100 |a Schmidt, Karen A. 
245 0 |a Understanding the business of library acquisitions 
245 0 |c Karen A. Schmidt, editor 
260 |a Chicago 
260 |b American Library Association 
260 |c 1999 
520 |a The impact of electronics on communications between libraries and vendors. Acquisitions personnel management, organization, and staffing; Outsourcing and licensing; Acquiring electronic resources. 
650 |a Acquisitions (Libraries) 
650 |z United States 
904 |i Nguyên 
980 |a Trung tâm Học liệu Trường Đại học Cần Thơ